000 00726cam a2200241 a 4500
001 C00284074c-4
003 CO-ViMGA
005 20230915224041.0
008 011029s2001 ck r 00011dspa d
020 _a9584200704
040 _aCO-ViMGA
_bspa
_cCO-ViMGA
043 _as-uy---
082 0 4 _aU 861.44
_bB252m
100 1 _aBenedetti, Mario,
_d1920-2009
_911312
245 1 3 _aEl amor, las mujeres y la vida /
_cMario Benedetti.
260 _aBogotá :
_bEditorial Planeta Colombiana,
_c2001.
300 _a202 p. ;
_c21 cm.
650 1 4 _aEmociones
_v Poesías.
_94144
650 1 4 _aMujeres
_v Poesías.
_91434
650 1 4 _aPoesía amorosa uruguaya.
_911313
650 1 4 _aVida
_v Poesías.
_93852
942 _2ddc
_cBK
999 _c11235
_d11235